| 000 | 00438nam a2200181Ia 4500 | ||
|---|---|---|---|
| 005 | 20250423101147.0 | ||
| 008 | 250422s9999 xx 000 0 und d | ||
| 020 | _a0-905273-61-3 | ||
| 050 | _aLB3051.E45 | ||
| 100 | _aElliot W. Eisner | ||
| 245 | 4 | _aThe Art of Educational Evaluation: A Personal View | |
| 260 | _aLondon | ||
| 260 | _bThe Falmer Press | ||
| 260 | _c1984 | ||
| 300 | _a274 p | ||
| 650 | _aEducation | ||
| 942 | _cBK | ||
| 999 |
_c35474 _d35474 |
||